Propuesta de intervención en el aula: técnicas para lograr un clima favorable en la clase

Shranjeno v:
Bibliografske podrobnosti
Main Authors: Gómez Masdevall, María Teresa (Author), Serrats i Paretas, María Gracia (Author)
Drugi avtorji: Mir Costa, Victoria (autora)
Format: Knjiga
Jezik:španščina
Izdano: Madrid Narcea 2007
Izdaja:8a. ed
Serija:Educación Hoy
Teme:
Oznake: Označite
Brez oznak, prvi označite!

MARC

LEADER 00000nam a2200000 a 4500
001 UCI8532
003 CL-VaPUC
008 080911e20070000SP |||||||||||||||||spa|d
020 |a 9788427709232 
082 0 4 |a 371.1024  |b GOM  |2 21 
100 |a Gómez Masdevall, María Teresa  |e author  |9 599026 
700 |a Mir Costa, Victoria  |e autora  |9 532001 
700 0 |a Serrats i Paretas, María Gracia  |e author  |9 532018 
245 1 0 |a Propuesta de intervención en el aula: técnicas para lograr un clima favorable en la clase 
250 |a 8a. ed 
300 |a 286 p 
942 |c BK 
945 |d 20080911 00:00:00  |a rbrito 
260 |a Madrid  |b Narcea  |c 2007 
650 7 |a METODO DE MONTESSORI  |2 CL-VaPUC  |9 532019 
650 7 |a DISCIPLINA  |2 CL-VaPUC  |9 308401 
583 |a last modification  |c 20080911 00:00:00  |k Rodrigo Vera 
490 0 |a Educación Hoy 
999 |c 331373  |d 331371 
952 |0 0  |1 0  |4 0  |6 371_102400000000000_GOM_2007  |7 0  |8 A  |9 417920  |a BIBEDU  |b BIBEDU  |d 2019-11-22  |i 4480880  |l 1  |o 371.1024 GOM 2007  |p 4480880  |r 2022-06-06  |s 2022-05-26  |w 2019-11-22  |y BK  |k EBA